Vývoj web aplikácie s využitím architektúry SOA a jazyka PHP5 diplomová práca
Guardado en:
| Autor principal: | |
|---|---|
| Autor Corporativo: | |
| Otros Autores: | |
| Formato: | Libro |
| Lenguaje: | eslovaco |
| Publicado: |
Bratislava
2012
|
| Etiquetas: |
Sin Etiquetas, Sea el primero en etiquetar este registro!
|
MARC
| LEADER | 00000nbm a2200000 4500 | ||
|---|---|---|---|
| 001 | 0154992 | ||
| 005 | 20161109102158.8 | ||
| 041 | 0 | |a slo | |
| 044 | |a SK | ||
| 245 | 1 | 0 | |a Vývoj web aplikácie s využitím architektúry SOA a jazyka PHP5 |b diplomová práca |c Filip Mišík ; školiteľ: Peter Škurla |
| 264 | 1 | |a Bratislava |c 2012 | |
| 300 | |a 67 s. | ||
| 100 | 1 | |a Mišík, Filip | |
| 700 | 1 | |a Škurla, Peter | |
| 710 | 2 | |a Fakulta hospodárskej informatiky EU. Katedra aplikovanej informatiky | |